000 00492nam a2200193Ia 4500
008 170918s9999 xx 000 0 und d
020 _a439321670
050 _bR848 2000
100 _aRotner, Shelley
245 _aFeeling thankful /
245 _cShelley Rotner and Sheila Kelly ; photographs by Shelley Rotner.
260 _aNew York :
260 _bScholastic,
260 _c2000
300 _aunpaged :
300 _bcolored illustration ;
300 _c23cm.
500 _aBR
999 _c340970
_d340970